• 首页
  • 本馆介绍
  • 公告通知
  • 最新文献
  • 馆藏检索
  • 电子资源
  • 读者导购
  • 参考咨询
  • 我的图书馆
  • 登录
  • 详细信息显示
  • 放入我的书架
  • 预约/预借图书
  • 作者相关作品
  • 分类相关作品
  • 丛书相关作品
  • 出版社相关作品

书目信息

  • 表格格式
  • 工作单格式
  • 卡片格式
题名:
鲁迅小说文体反讽性研究
    
 
作者: 王沁 著
分册:  
出版信息: 北京   社会科学文献出版社  2017
页数: 163页
开本: 24cm
丛书名:
单 册:
中图分类: I210.976
科图分类:
主题词: 鲁迅小说--lu xun xiao shuo--小说研究
电子资源:
ISBN: 978-7-5201-0136-3
000 00787nam0 22002291 450
001 0119171254
005 20170619171254.0
010    @a978-7-5201-0136-3@dCNY69.00
100    @a20170216d2017 em y0chiy50 ea
101 0  @achi
102    @aCN@b110000
105    @ay z 000yy
106    @ar
200 1  @a鲁迅小说文体反讽性研究@9lu xun xiao shuo wen ti fan feng xing yan jiu@f王沁著
210    @a北京@c社会科学文献出版社@d2017
215    @a163页@d24cm
330    @a本书主要采用小说文体学的方法考察鲁迅小说,通过文本细读发现,反讽是鲁迅小说重要的文体特点之一,在其小说艺术的各个层面都有充分的表现。
606 0  @a鲁迅小说@9lu xun xiao shuo@x小说研究
690    @aI210.976@v5
701  0 @a王沁@9wang qin@4著
801  0 @aCN@b百万庄@c20170616
905    @b1012065-70@dI210.976@e313@f6
    
    鲁迅小说文体反讽性研究/王沁著 .-北京:社会科学文献出版社,2017
    163页;24cm
    
    
    ISBN 978-7-5201-0136-3:CNY69.00
    本书主要采用小说文体学的方法考察鲁迅小说,通过文本细读发现,反讽是鲁迅小说重要的文体特点之一,在其小说艺术的各个层面都有充分的表现。
●
相关链接 在E读中查询图书 在五车中查询图书 在当当中查询图书 在豆瓣中查询图书


正题名:鲁迅小说文体反讽性研究     索取号:I210.976/313         预约/预借

序号 登录号 条形码 馆藏地/架位号 状态 备注
1 1012065   210120652   第一样本阅览室/ [索取号:I210.976/313] 在馆    
2 1012066   210120661   教育系资料室/ [索取号:I210.976/313] 在馆    
3 1012067   210120670   教育系资料室/ [索取号:I210.976/313] 在馆    
4 1012068   210120689   教育系资料室/ [索取号:I210.976/313] 在馆    
5 1012069   210120698   第二借阅区/ [索取号:I210.976/313] 在馆    
6 1012070   210120705   第二借阅区/ [索取号:I210.976/313] 在馆    
唐山师范学院图书馆 欢迎您!
大连网信软件有限公司© 版权所有